00685cam a2200181 4500008004100000020001500041035001200056050002600068100003400094245011700128250001200245260006200257300003000319504003200349650003800381650004200419650004200461040525s1996 mx b g b 000 0 spa u a9686454489 aa43725300aHD1795 b.G8 B87 19961 aBustamante Álvarez, Tomás14aLas Transformaciones de la agricultura o las paradojas del desarrollo regional / cTomás Bustamante Álvarez. a1a. ed. aMéxico :bJuan Pablos :bProcuraduría Agraria, c1996 a305 p. :bmaps. ;c22 cm. aBibliografía : p. 287-30014aAgricultura zMéxico zGuerrero20aReforma agraria zMéxico zGuerrero30aDesarrollo rural zMéxicozGuerrero